000 00243nam a2200109Ia 4500
008 190216s9999||||xx |||||||||||||| ||und||
100 _aKireev V
245 0 _aPhysical Chemistry
260 _bMir Pubs Moscow
650 _aChemistry
942 _cBK
999 _c2104
_d2104